El aprovechamiento sustentable de los recursos forestales / un reto en el ámbito internacional /

Contenido: 1) Los bosques; 2) Los bosques en el mundo; 3) Recursos forestales en México; 4) El derecho ambiental internacional; 5) Los principales problemas globales; 6) Negociaciones internacionales sobre bosques; 7) Elementos sobre la ordenación forestal. Conclusiones y recomendaciones de informac...

詳細記述

保存先:
書誌詳細
第一著者: Peña Jaramillo, Aída (autor)
その他の著者: Sánchez González, José Leónides
フォーマット: 図書
言語:スペイン語
出版事項: México : UNAM, Facultad de Estudios Superiores Cuautitlán, 2005, c2005
主題:
タグ: タグ追加
タグなし, このレコードへの初めてのタグを付けませんか!

MARC

LEADER 00000nam^a2200000^a^4500
001 000297189
005 20250521000000.0
009 20260310112330.858
020 |a 970-32-2357-5 
037 |a Acervo ITESO - Biblioteca 
041 |a ESP 
082 |a 333. 75  |b PEÑ 
100 |a Peña Jaramillo, Aída  |e (autor) 
245 1 3 |a El aprovechamiento sustentable de los recursos forestales /  |b un reto en el ámbito internacional /  |c A. Peña Jaramillo, J.L. Sánchez González. 
264 4 |a México :  |b UNAM, Facultad de Estudios Superiores Cuautitlán,  |c 2005, c2005 
300 |a 265 p. 
336 |a texto  |b txt  |2 rdacontenido 
337 |a sin mediación  |b n  |2 rdamedio 
338 |a volumen  |b nc  |2 rdasoporte 
520 |a Contenido: 1) Los bosques; 2) Los bosques en el mundo; 3) Recursos forestales en México; 4) El derecho ambiental internacional; 5) Los principales problemas globales; 6) Negociaciones internacionales sobre bosques; 7) Elementos sobre la ordenación forestal. Conclusiones y recomendaciones de información. 
649 |a XX 
650 |a Deforestación 
650 |a Bosques -  |z México 
650 |a Bosques -  |x Tema Principal 
650 |a Cambio Ambiental Global 
650 |a Desarrollo Sustentable -  |x Tema Principal 
650 |a Derecho Ambiental 
650 |a Derecho Internacional 
650 |a Recursos Naturales 
650 |a Economía 
700 |a Sánchez González, José Leónides 
910 |a Fondo General 
920 |a Impresos - Libros 
930 |a Colección General 
905 |a 101 
901 |a 0500182842  |b IT1  |c ACC  |i C122710  |u 20250521 
902 |a https://opac.biblio.iteso.mx/vufind/Record/000297189